LIBRARY & INFORMATION CENTRE, KCAET, TAVANUR

ONLINE PUBLIC ACCESS CATALOGUE (OPAC)

Treasure of RCC designs / (Record no. 2453)

MARC details
000 -LEADER
fixed length control field 00442cam a2200181ua 4500
041 ## - LANGUAGE CODE
Language code of text/sound track or separate title eng
082 ## - DEWEY DECIMAL CLASSIFICATION NUMBER
Classification number 624.18341
Item number SUS/TR
100 ## - MAIN ENTRY--AUTHOR NAME
Personal name Sushil, Kumar .
245 ## - TITLE STATEMENT
Title Treasure of RCC designs /
250 ## - EDITION STATEMENT
Edition statement 10 /
260 ## - PUBLICATION, DISTRIBUTION, ETC. (IMPRINT)
Place of publication Delhi :
Name of publisher Standard Book House ,
Year of publication 1984.
300 ## - PHYSICAL DESCRIPTION
Number of Pages 1078 ; .
942 ## - ADDED ENTRY ELEMENTS (KOHA)
Koha item type Books
Holdings
Withdrawn status Lost status Damaged status Home library Current library Date acquired Full call number Accession Number Koha item type
      KAUAET KAUAET 07/04/2012 624.18341 SUS/TR 14578 Books
      KAUAET KAUAET 07/04/2012 624.18341 SUS/TR 14577 Books
Withdrawn   Damaged KAUAET KAUAET 07/04/2012 624.18341 SUS/TR 14575 Books
free website counter